Statistics for English Words - Unusual letter combinations

Click here to take the quiz!

General Stats

  • This quiz has been taken 21 times
  • The average score is 4 of 38

Answer Stats

property word % Correct
5 identical vowelsabracadabra
37%
a-b-c-d-e-f all presentfeedback
37%
all 6 vowels, length at most 12facetiously
26%
a-b-c-d-e-f all presentfabricated
26%
all 6 vowels, length at most 12abstemiously
16%
5 identical vowelseffervescence
16%
a-b-c-d-e-f all presentbackfilled
16%
a-b-c-d-e-f all presentbackfired
16%
a-b-c-d-e-f all presentfeedbacks
16%
a-b-c-d-e-f all presentboldface
11%
all 6 vowels, length at most 12tenaciously
11%
all 6 vowels, length at most 12evolutionary
11%
all 6 vowels, length at most 12precariously
5%
a-b-c-d-e-f all presentboldfaced
5%
a-b-c-d-e-f all presentprefabricated
5%
a-b-c-d-e-f all presentsubclassified
5%
a-b-c-d-e-f all presentobfuscated
5%
a-b-c-d-e-f all presentconfabbed
5%
all 6 vowels, length at most 12outwearying
5%
a-b-c-d-e-f all presentboldfaces
5%
a-b-c-d-e-f all presentbarefaced
5%
all 6 vowels, length at most 12hyperanxious
5%
5 identical vowelsperversenesses
5%
5 identical vowelspresweetened
5%
5 identical vowelsreemergence
5%
5 identical vowelsheedlessnesses
5%
5 identical vowelsfeeblenesses
5%
5 identical vowelscheerlessnesses
5%
5 identical vowelseffervescences
5%
5 identical vowelsreemergences
5%
5 identical vowelsrelentlessnesses
5%
all 6 vowels, length at most 12mendaciously
5%
all 6 vowels, length at most 12nefariously
5%
all 6 vowels, length at most 12gregariously
5%
all 6 vowels, length at most 12buoyancies
5%
5 identical vowelsrepletenesses
5%
all 6 vowels, length at most 12autotypies
5%
all 6 vowels, length at most 12neurotically
5%

Score Distribution

Percentile by Number Answered

Percent of People with Each Score

Your Score History

You have not taken this quiz